000 00402nam a2200169Ia 4500
005 20250423094237.0
008 250422s9999 xx 000 0 und d
020 _a0-13-201817-9
100 _aRoss Sheldon
245 2 _aA First Course in Probability
260 _aNew Jersey
260 _bPearson Education Limited
260 _c2006
300 _a565 p
650 _aProbability
942 _cBK
999 _c26689
_d26689